000 00645nam a22001937a 4500
999 _c178596
_d178596
005 20210407150843.0
010 _aENG-129384
020 _c849.00
_a978-93-905-7725-5
035 _aEN-112916
037 _bDBAD/PUB
082 _a658.15
100 _aPandey, I. M.
245 _aFinancial Management/
_bI. M. Pandey
250 _a12th
260 _aNoida
_bPearson
_c2021
270 _a15th floor,Tower-B,Word Trade Tower,Plot no.1,Block-C sec 16,
_bNoida
_e201301
_k04466540100
_mcompanysecretary.india@pearson.com
300 _axxix+1030p.
_c25cm(pbk)
_bincluding graphs, tables and index.
942 _2ddc
_cEN
_h658.15
_mPAN